000 01153cam a22003737a 4500
003 CHAP
005 20220817042916.0
008 971013s1994 r 00010 d
010 _a59595
011 _a60567
035 _a64729
040 _cCHAP
082 _a338.9
_bF3 v.128
110 _aFAO
245 0 _aAgricultural taxation under structural adjustment
260 _aRome :
_bFAO,
_c1994
300 _a141 p.
410 _aFAO
490 0 _aDesarrollo económico y social
_v; 128
590 _aBATCH-UPD
_b10
_c20130110
_lUCH01
_h0052
590 _aBATCH-UPD
_b10
_c20130110
_lUCH01
_h1031
590 _aBATCH-UPD
_b10
_c20130410
_lUCH01
_h0633
590 _aBATCH-UPD
_b10
_c20130913
_lUCH01
_h2056
590 _aBATCH-UPD
_b10
_c20130914
_lUCH01
_h1343
590 _aCONVERSION
_b10
_c20130109
_lUCH01
_h1332
650 1 4 _aAgricultura
_xAspectos económicos.
650 1 4 _aAgricultura
_xImpuestos.
_91542
700 0 _aSarris, Alexander H.
_9102662
810 0 _aFAO
830 0 0 _aDesarrollo económico y social
_v; 128
_932058
901 _aBK
942 _cLIBRO
949 _a338.9 F3 v.128
_bBC
_cFAO
_d33724000662599
_eFAO1
_h89934
_i64729
_si
999 _c59595
_d59595